000 00326nam a2200133Ia 4500
008 191201s2007 xx 000 0 und d
082 _a004
_bJAW
100 _aJAIN, Pooja
245 0 _aWindows based Computer Courses
260 _aN.Delhi
_bS Vikas Publisher
_c2007
300 _a811
650 _aB.Tech(IT)
942 _2ddc
_cBK
999 _c3316
_d3316